| 000 | 00664nam a22002057a 4500 | ||
|---|---|---|---|
| 003 | 0 | ||
| 005 | 20260116101935.0 | ||
| 008 | 260116b xxu||||| |||| 00| 0 eng d | ||
| 020 | _a978-1-63413-943-4 | ||
| 050 |
_aM 332.024 _bA54 2016 |
||
| 082 |
_aM 332.024 _bA54 2016 |
||
| 100 | _aAndal, Walter | ||
| 245 |
_aFinance 101 for kids : _bmoney lessons children cannot afford to miss _cWalter Andal. |
||
| 260 |
_aColumbus, OH : _bGatekeeper Press, _c2016. |
||
| 300 |
_axiii, 98 pages : _billustrations ; _c23 cm. |
||
| 504 | _aIncludes bibliographical references. | ||
| 650 | _aChildren Finance, Personal. | ||
| 650 | _aSaving and investment. | ||
| 942 |
_2ddc _cBK |
||
| 999 |
_c368710 _d368710 |
||